000 00979nas a2200253Ia 4500
001 R142/C8862
003 IT-RoPAU
008 151124c99999999xx |||||||||||| ||und||
040 _aIT-RoPAU
040 _cIT-RoPAU
041 _aFRANCESE
100 _aScannell Paddy
_gCodice Aut. SPICS: 17304
210 _aRESEAUX
222 _aReseaux
245 _aRESEAUX, N.068 (NOVEMBRE/DICEMBRE 1994)
_bIntentionnalite' Communicationnelle Dans Les Emissions De Radio Et De Television (L')
250 _a1a ed.
260 _aPARIS
_bCNET
_c1994
501 _bPaulus - SPICS - Società San Paolo EM (non-commercial uses only)
_cCopyright2015
300 _a15 p. [49-63]
362 _aN.068 (NOVEMBRE/DICEMBRE 1994)
500 _aIntenzionalità Comunicativa Nelle Trasmissioni Radiotelevisive. Natura della Situazioni Sociali. Particolarità Delle Situazioni di Emissione Radiotelevisiva. Ethos Comunicativo.
650 _aCOMUNICAZIONE
_vPUBBLICAZIONE PERIODICA
942 _cCR
999 _c193249
_d193249